MARC

LEADER 00000nam0a2200000 4500
001 80999
005 20231031094921.0
035 |a (RuTPU)RU\TPU\book\87075 
090 |a 80999 
100 |a 20050915d1979 m y0rusy50 ca 
101 0 |a rus 
102 |a RU 
105 |a a j 000zy 
200 1 |a Методологические основы управления  |e текст лекций  |f О. В. Козлова, Н. Д. Байков, Э. М. Коротков, А. И. Иванов  |g Московский институт управления 
210 |a Москва  |c Изд-во МИУ  |d 1979 
215 |a 56 с.  |c ил. 
610 1 |a экономика 
610 1 |a управление 
610 1 |a теория 
610 1 |a организация управления 
610 1 |a методические основы 
610 1 |a учебные пособия 
686 |a У9(2)210я73  |v LBC/SL-A  |2 rubbk 
701 1 |a Козлова  |b О. В.  |g Олимпиада Васильевна 
701 1 |a Байков  |b Н. Д.  |g Николай Дмитриевич 
701 1 |a Коротков  |b Э. М.  |g Эдуард Михайлович 
701 1 |a Иванов  |b А. И.  |g Александр Иванович 
712 0 2 |a Московский институт управления 
801 1 |a RU  |b 63413507  |c 20050915  |g PSBO 
801 2 |a RU  |b 63413507  |c 20051109  |g PSBO 
942 |c BK